[Event "CZE-ch Betsys Online Blitz"]
[Site "Chess.com INT"]
[Date "2021.04.17"]
[Round "2"]
[White "Nikolinko, Tomas"]
[Black "Svoboda, Daniel"]
[Result "0-1"]
[WhiteElo "1229"]
[BlackElo "1414"]
[PlyCount "56"]
[EventDate "2021.04.17"]
[EventType "swiss (blitz)"]
[EventRounds "13"]
[EventCountry "CZE"]
[SourceTitle "CBM 201 Extra"]
[Source "ChessBase"]
[SourceDate "2021.05.31"]
[SourceVersion "1"]
[SourceVersionDate "2021.05.31"]
[SourceQuality "1"]

1. b3 e5 2. Bb2 Nc6 3. e3 d5 4. Bb5 Bd6 5. Nf3 Qe7 6. Bxc6+ bxc6 7. 0-0 Bg4 8. h3 Bh5 9. d3 Nf6 10. Nbd2 0-0 11. Re1 Rfe8 12. g4 Bg6 13. Nh4 Nd7 14. Nxg6 fxg6 15. Nf3 e4 16. dxe4 dxe4 17. Nd4 Qh4 18. Kg2 Rf8 19. Re2 c5 20. Ne6 Rf3 21. Qh1 Ne5 22. Bxe5 Bxe5 23. Rd1 Re8 24. Nxc5 Ref8 25. Rdd2 Rg3+ 26. Kf1 Rxh3 27. Qg2 Rh1+ 28. Qxh1 Qxh1# 0-1

[Event "CZE-ch Betsys Online Blitz"]
[Site "Chess.com INT"]
[Date "2021.04.17"]
[Round "4"]
[White "Skalicky, Jindrich"]
[Black "Nikolinko, Tomas"]
[Result "0-1"]
[WhiteElo "1158"]
[BlackElo "1229"]
[PlyCount "88"]
[EventDate "2021.04.17"]
[EventType "swiss (blitz)"]
[EventRounds "13"]
[EventCountry "CZE"]
[SourceTitle "CBM 201 Extra"]
[Source "ChessBase"]
[SourceDate "2021.05.31"]
[SourceVersion "1"]
[SourceVersionDate "2021.05.31"]
[SourceQuality "1"]

1. e4 c5 2. Nf3 d6 3. d4 cxd4 4. Nxd4 Nf6 5. Nc3 g6 6. Be3 Bg7 7. f3 0-0 8. Qd2 Nc6 9. Bc4 a6 10. Nxc6 bxc6 11. 0-0-0 Bb7 12. Kb1 d5 13. exd5 cxd5 14. Bb3 e5 15. Ne2 d4 16. Bf2 Rc8 17. Rhe1 e4 18. Qxd4 exf3 19. Qxd8 Rcxd8 20. gxf3 Rxd1+ 21. Rxd1 Bxf3 22. Nd4 Rd8 23. Kc1 Bxd1 24. Kxd1 Ne4 25. Be1 Rxd4+ 26. Ke2 Rd6 27. Ke3 Ng5 28. Bg3 Rb6 29. a4 Bxb2 30. Bf4 Bc1+ 31. Kd4 Bxf4 32. Kc5 Be3+ 33. Kc4 Rxb3 34. Kxb3 f5 35. c4 f4 36. Kc2 f3 37. Kd3 f2 38. Ke2 Ne6 39. a5 Nc5 40. h4 Nb3 41. Kf1 Nxa5 42. c5 Nc6 43. h5 a5 44. h6 a4 0-1